000
00273nam a2200121Ia 4500
005
20251222144733.0
008
251222s9999||||xx |||||||||||||| ||spa||
082
_a
372.2/P95/1982
100
_a
Pulgar Vidal, Francisco
245
0
_a
Música
264
_b
Desa
942
_c
LIB
999
_c
18681
_d
18681